000 00742nac a22002051u 4500
020 _a0201350882
082 _a005.133
_bSED
090 _c6208
_d6208
100 _aSedgewick, Robert
245 _aAlgorithms in C++/
_cRobert Sedgewick
_nPart 1-4
_pFundamentals, Data structures, Sorting, Searching
260 _aBoston, MA :
_bAddison-Wesley.1998
_c1998
300 _a716p.:
_bill.;
_c22 cm.
500 _adistributer: Al-Ahram
500 _aIncludes index
511 _acatalogued by: wessam
650 _aC++(computer program langage)
650 _aComputer algorithms
942 _cBB
_k005.133SED
999 _c6208
_d6208